[Event "CZE-ch Women 2019"]
[Site "Prague"]
[Date "2019.06.20"]
[Round "6.3"]
[White "Laurincova, Kristyna"]
[Black "Pychova, Nela"]
[Result "1-0"]
[WhiteElo "1984"]
[BlackElo "2174"]
[Annotator "NA"]
[PlyCount "111"]
[EventDate "2019.06.15"]
[EventType "tourn"]
[EventCountry "CZE"]
[SourceTitle "playchess.com"]
[Source "ChessBase"]
[SourceQuality "1"]
[TimeControl "40/5400+30:1800+30"]

1. e4 {[%emt 0:00:00]} c5 {[%emt 0:00:00]} 2. Nf3 {[%emt 0:00:05]} Nc6 {[%emt 0:00:00]} 3. d4 {[%emt 0:00:12]} cxd4 {[%emt 0:00:01]} 4. Nxd4 {[%emt 0:00:06]} e6 {[%emt 0:00:34]} 5. Nc3 {[%emt 0:04:59]} a6 {[%emt 0:00:21]} 6. Be3 {[%emt 0:07:48]} Nge7 {[%emt 0:02:36]} 7. Be2 {[%emt 0:04:07]} Nxd4 {[%emt 0:01:05]} 8. Qxd4 {[%emt 0:02:01]} b5 {[%emt 0:16:44]} 9. O-O {[%emt 0:04:02]} Nc6 {[%emt 0:01:21]} 10. Qd2 {[%emt 0:02:39]} Be7 {[%emt 0:01:07]} 11. f4 {[%emt 0:01:38]} O-O {[%emt 0:02:35]} 12. Rad1 {[%emt 0:01:32]} d6 {[%emt 0:01:19]} 13. Qe1 {[%emt 0:03:35]} Qc7 {[%emt 0:05:30]} 14. Qg3 {[%emt 0:02:34]} Kh8 {[%emt 0:12:34]} 15. f5 {[%emt 0:22:33]} Ne5 {[%emt 0:04:11]} 16. Bd4 {[%emt 0:04:07]} Bf6 {[%emt 0:08:46]} 17. Qf4 {[%emt 0:05:23]} Bd7 {[%emt 0:10:16]} 18. g4 {[%emt 0:04:27]} h6 {[%emt 0:03:44]} 19. Qd2 {[%emt 0:06:12]} b4 {[%emt 0:02:52]} 20. Nb1 {[%emt 0:02:23]} Qb7 {[%emt 0:01:06]} 21. fxe6 {[%emt 0:09:42]} fxe6 {[%emt 0:05:02]} 22. Rxf6 {[%emt 0:01:18]} Rxf6 {[%emt 0:05:01]} 23. Bxe5 {[%emt 0:00:06]} dxe5 {[%emt 0:00:10]} 24. Qxd7 {[%emt 0:00:04]} Qb6+ {[%emt 0:07:41]} 25. Kh1 {[%emt 0:00:02]} Qf2 {[%emt 0:02:49]} 26. Qd3 {[%emt 0:01:03]} Rff8 {[%emt 0:01:45]} 27. Rf1 {[%emt 0:02:22]} Qh4 {[%emt 0:00:59]} 28. Qg3 {[%emt 0:00:01]} Qg5 {[%emt 0:03:08]} 29. Qe1 {[%emt 0:05:26]} Rxf1+ {[%emt 0:00:31]} 30. Qxf1 {[%emt 0:01:04]} Rd8 {[%emt 0:00:35]} 31. h3 {[%emt 0:01:13]} Kg8 {[%emt 0:00:26]} 32. Bc4 {[%emt 0:02:06]} Qg6 {[%emt 0:00:34]} 33. Qe2 {[%emt 0:00:36]} Rd4 {[%emt 0:00:34]} 34. Bd3 {[%emt 0:00:01]} Qg5 {[%emt 0:00:25]} 35. Nd2 {[%emt 0:00:23]} Qf4 {[%emt 0:00:16]} 36. Kg2 {[%emt 0:00:01]} Rd8 {[%emt 0:00:38]} 37. Qf2 {[%emt 0:00:51]} Qg5 {[%emt 0:00:10]} 38. Nf3 {[%emt 0:00:31]} Qf4 {[%emt 0:00:36]} 39. Qd2 {[%emt 0:01:20]} a5 {[%emt 0:00:50]} 40. Qxf4 {[%emt 0:00:44]} exf4 {[%emt 0:00:03]} 41. Ne5 {[%emt 0:05:36]} g5 {[%emt 0:02:51]} 42. Nc6 {[%emt 0:00:28]} Ra8 {[%emt 0:02:24]} 43. Bc4 {[%emt 0:01:08]} Kf7 {[%emt 0:00:38]} 44. Nd4 {[%emt 0:00:26]} Kf6 {[%emt 0:08:23]} 45. Bxe6 {[%emt 0:02:06]} Ke5 {[%emt 0:03:43]} 46. Bd5 {[%emt 0:00:01]} Ra6 {[%emt 0:00:55]} 47. Nf3+ {[%emt 0:04:28]} Kd6 {[%emt 0:02:36]} 48. h4 {[%emt 0:02:00]} gxh4 {[%emt 0:00:20]} 49. Nxh4 {[%emt 0:00:02]} Ke5 {[%emt 0:00:50]} 50. Nf3+ {[%emt 0:02:43]} Kd6 {[%emt 0:00:15]} 51. Nd4 {[%emt 0:00:58]} a4 {[%emt 0:01:10]} 52. Kf3 {[%emt 0:01:25]} a3 {[%emt 0:01:51]} 53. bxa3 {[%emt 0:01:32]} Rxa3+ {[%emt 0:00:13]} 54. Bb3 {[%emt 0:00:08]} Ra8 {[%emt 0:01:24]} 55. Nf5+ {[%emt 0:01:01]} Ke5 {[%emt 0:00:54]} 56. Nxh6 {[%emt 0:00:14]} 1-0

[Event "CZE-ch Women 2019"]
[Site "Prague"]
[Date "2019.06.20"]
[Round "6.4"]
[White "Kulovana, Eva"]
[Black "Rodshtein, Tereza"]
[Result "1-0"]
[WhiteElo "2208"]
[BlackElo "2213"]
[Annotator "NA"]
[PlyCount "87"]
[EventDate "2019.06.15"]
[EventType "tourn"]
[EventCountry "CZE"]
[SourceTitle "playchess.com"]
[Source "ChessBase"]
[SourceQuality "1"]
[TimeControl "40/5400+30:1800+30"]

1. d4 {[%emt 0:00:00]} d5 {[%emt 0:00:00]} 2. c4 {[%emt 0:00:00]} c6 {[%emt 0:00:00]} 3. cxd5 {[%emt 0:00:11]} cxd5 {[%emt 0:00:00]} 4. Nc3 {[%emt 0:00:09]} Nf6 {[%emt 0:00:10]} 5. Bf4 {[%emt 0:00:11]} Nc6 {[%emt 0:01:59]} 6. e3 {[%emt 0:00:34]} Bf5 {[%emt 0:01:39]} 7. Bd3 {[%emt 0:00:28]} Bxd3 {[%emt 0:02:26]} 8. Qxd3 {[%emt 0:00:07]} e6 {[%emt 0:00:45]} 9. Rc1 {[%emt 0:00:52]} Bd6 {[%emt 0:01:52]} 10. Bxd6 {[%emt 0:00:39]} Qxd6 {[%emt 0:00:07]} 11. Nf3 {[%emt 0:00:31]} O-O {[%emt 0:00:56]} 12. O-O {[%emt 0:00:11]} Rac8 {[%emt 0:01:22]} 13. a3 {[%emt 0:10:25]} a6 {[%emt 0:05:35]} 14. Rc2 {[%emt 0:12:21]} Rc7 {[%emt 0:03:00]} 15. Rfc1 {[%emt 0:00:28]} Rfc8 {[%emt 0:06:15]} 16. Na4 $11 {[%emt 0:01:59]} Na5 {[%emt 0:07:38]} 17. Nc5 {[%emt 0:02:07]} Nd7 {[%emt 0:21:23]} 18. Nxd7 {[%emt 0:04:46]} Qxd7 {[%emt 0:00:42]} 19. Ne5 {[%emt 0:01:54]} Qd6 {[%emt 0:00:48]} 20. b4 {[%emt 0:04:57]} f6 {[%emt 0:04:01]} 21. f4 {[%emt 0:26:38]} Rxc2 {[%emt 0:11:28]} 22. Rxc2 {[%emt 0:01:02]} Rxc2 {[%emt 0:00:08]} 23. Qxc2 {[%emt 0:00:06]} Nc4 {[%emt 0:02:03]} 24. Nd3 {[%emt 0:09:17]} a5 {[%emt 0:04:17]} 25. Qa4 {[%emt 0:03:23]} Kf7 {[%emt 0:00:11]} 26. bxa5 {[%emt 0:08:16]} Nxe3 {[%emt 0:00:25]} 27. Qb4 {[%emt 0:00:27]} Qa6 {[%emt 0:00:59]} 28. Qb3 {[%emt 0:02:29]} Qxa5 {[%emt 0:04:49]} 29. Qxb7+ {[%emt 0:00:10]} Kg6 {[%emt 0:00:01]} 30. Qb2 {[%emt 0:01:17]} Nc4 {[%emt 0:01:18]} 31. Qc2 {[%emt 0:00:38]} Kf7 {[%emt 0:06:11]} 32. a4 {[%emt 0:00:14]} Ke7 {[%emt 0:01:34]} 33. h3 {[%emt 0:00:45]} f5 {[%emt 0:01:51]} 34. Kh2 {[%emt 0:01:23]} Nd6 {[%emt 0:02:14]} 35. Ne5 {[%emt 0:00:54]} Kf6 {[%emt 0:02:17]} 36. Nc6 {[%emt 0:03:10]} Qc7 {[%emt 0:03:28]} 37. Qc5 {[%emt 0:00:47]} Nc8 {[%emt 0:03:25]} 38. Qf8+ {[%emt 0:00:41]} Kg6 {[%emt 0:00:01]} 39. Qe8+ {[%emt 0:00:46]} Kf6 {[%emt 0:00:27]} 40. Qf8+ {[%emt 0:00:34]} Kg6 {[%emt 0:00:03]} 41. Ne5+ {[%emt 0:32:21]} Kh6 {[%emt 0:30:09]} 42. Qe8 {[%emt 0:01:27]} Ne7 {[%emt 0:01:48]} 43. Nf7+ {[%emt 0:00:50]} Kg6 {[%emt 0:00:56]} 44. Ng5+ {[%emt 0:00:38]} 1-0

[Event "CZE-ch Women 2019"]
[Site "Prague"]
[Date "2019.06.20"]
[Round "6.5"]
[White "Olsarova, Karolina"]
[Black "Sikorova, Olga"]
[Result "1/2-1/2"]
[WhiteElo "2260"]
[BlackElo "2248"]
[Annotator "NA"]
[PlyCount "126"]
[EventDate "2019.06.15"]
[EventType "tourn"]
[EventCountry "CZE"]
[SourceTitle "playchess.com"]
[Source "ChessBase"]
[SourceQuality "1"]
[TimeControl "40/5400+30:1800+30"]

1. e4 {[%emt 0:00:00]} e6 {[%emt 0:00:00]} 2. d4 {[%emt 0:00:00]} d5 {[%emt 0:00:00]} 3. Nd2 {[%emt 0:00:00]} c5 {[%emt 0:00:00]} 4. exd5 {[%emt 0:00:00]} Qxd5 {[%emt 0:00:00]} 5. Ngf3 {[%emt 0:00:02]} cxd4 {[%emt 0:00:07]} 6. Bc4 {[%emt 0:00:08]} Qd6 {[%emt 0:00:04]} 7. O-O {[%emt 0:00:12]} Nf6 {[%emt 0:00:01]} 8. Nb3 {[%emt 0:00:11]} Nc6 {[%emt 0:00:08]} 9. Nbxd4 {[%emt 0:00:07]} Nxd4 {[%emt 0:00:06]} 10. Nxd4 {[%emt 0:00:08]} a6 {[%emt 0:00:06]} 11. Re1 {[%emt 0:00:20]} Qc7 {[%emt 0:00:58]} 12. Bf1 {[%emt 0:00:34]} Bd6 {[%emt 0:06:18]} 13. Nf5 {[%emt 0:00:35]} Bxh2+ {[%emt 0:03:48]} 14. Kh1 {[%emt 0:00:02]} O-O {[%emt 0:06:56]} 15. Nxg7 {[%emt 0:01:45]} Kxg7 {[%emt 0:09:42] [#]} 16. Qd4 $1 {[%emt 0:00:58]} e5 {[%emt 0:20:53]} 17. Qh4 $14 {[%emt 0:02:32]} Ng4 {[%emt 0:07:38]} 18. Bh6+ {[%emt 0:49:56]} Nxh6 {[%emt 0:00:14]} 19. Qg5+ {[%emt 0:00:03]} Kh8 {[%emt 0:00:07]} 20. Qxh6 {[%emt 0:00:23]} Qe7 {[%emt 0:07:51]} 21. Bd3 {[%emt 0:07:12]} f6 {[%emt 0:06:56]} 22. Kxh2 {[%emt 0:01:47]} Bd7 {[%emt 0:05:28]} 23. Re3 {[%emt 0:02:42]} Rg8 {[%emt 0:04:09]} 24. Be4 {[%emt 0:11:03]} Rg7 {[%emt 0:05:46]} 25. Rd1 {[%emt 0:04:25]} Rag8 {[%emt 0:03:02]} 26. Rxd7 {[%emt 0:10:58]} Qxd7 {[%emt 0:00:19]} 27. Qxf6 {[%emt 0:00:03]} Qe7 {[%emt 0:01:00]} 28. Qh6 {[%emt 0:00:08]} Rg4 {[%emt 0:02:22]} 29. g3 {[%emt 0:00:42]} Qg7 {[%emt 0:05:45]} 30. Qe6 {[%emt 0:01:18]} Rg5 {[%emt 0:01:37]} 31. Rd3 {[%emt 0:01:52]} Rh5+ {[%emt 0:00:23]} 32. Kg2 {[%emt 0:00:20]} Rh6 {[%emt 0:00:07]} 33. Qd5 {[%emt 0:01:51]} b6 34. Rf3 {[%emt 0:00:31]} Rf6 {[%emt 0:04:28]} 35. Qxe5 {[%emt 0:02:36]} Rxf3 {[%emt 0:00:02]} 36. Qxg7+ {[%emt 0:00:04]} Kxg7 {[%emt 0:00:11]} 37. Kxf3 {[%emt 0:00:05]} h6 {[%emt 0:00:35]} 38. Ke3 {[%emt 0:02:12]} Kf6 {[%emt 0:00:22]} 39. Bb7 {[%emt 0:00:47]} a5 {[%emt 0:00:58]} 40. Kd4 {[%emt 0:01:15]} Rg7 {[%emt 0:00:50]} 41. Be4 {[%emt 0:03:21]} Rd7+ {[%emt 0:00:53]} 42. Bd5 {[%emt 0:05:15]} Re7 {[%emt 0:00:23]} 43. f3 {[%emt 0:02:02]} h5 {[%emt 0:01:17]} 44. f4 {[%emt 0:00:24]} Rg7 {[%emt 0:06:05]} 45. Bf3 {[%emt 0:00:15]} Rxg3 {[%emt 0:00:06]} 46. Bxh5 {[%emt 0:00:04]} Rg2 {[%emt 0:00:48]} 47. Kc3 {[%emt 0:02:27]} Kf5 {[%emt 0:03:18]} 48. a4 {[%emt 0:05:46]} Kxf4 {[%emt 0:00:08]} 49. Be8 {[%emt 0:00:48]} Ke5 {[%emt 0:00:25]} 50. Bc6 {[%emt 0:03:05]} Rg4 {[%emt 0:02:22]} 51. b3 {[%emt 0:00:28]} Kd6 {[%emt 0:00:23]} 52. Bb5 {[%emt 0:00:18]} Kc5 {[%emt 0:00:07]} 53. Bd3 {[%emt 0:00:06]} Rg3 {[%emt 0:09:06]} 54. Kb2 {[%emt 0:00:59]} Kd4 {[%emt 0:00:01]} 55. Bb5 {[%emt 0:00:15]} Rg7 {[%emt 0:00:41]} 56. Bd3 {[%emt 0:00:10]} Rc7 {[%emt 0:00:09]} 57. Bb5 {[%emt 0:00:16]} Ke3 {[%emt 0:00:07]} 58. Bd3 {[%emt 0:00:14]} Kd2 {[%emt 0:00:02]} 59. Be4 {[%emt 0:00:43]} Rc8 {[%emt 0:00:21]} 60. Bf5 {[%emt 0:00:13]} Rc5 {[%emt 0:00:13]} 61. Bd3 {[%emt 0:00:13]} Rc3 {[%emt 0:00:43]} 62. Be4 {[%emt 0:00:33]} Re3 {[%emt 0:00:08]} 63. Bd3 {[%emt 0:01:30]} Re5 {[%emt 0:04:12]} 1/2-1/2

[Event "CZE-ch Women 2019"]
[Site "Prague"]
[Date "2019.06.21"]
[Round "7.1"]
[White "Sikorova, Olga"]
[Black "Novosadova, Kristyna"]
[Result "1-0"]
[WhiteElo "2248"]
[BlackElo "2209"]
[Annotator "NA"]
[PlyCount "161"]
[EventDate "2019.06.15"]
[EventType "tourn"]
[EventCountry "CZE"]
[SourceTitle "playchess.com"]
[Source "ChessBase"]
[SourceQuality "1"]
[TimeControl "40/5400+30:1800+30"]

1. Nf3 {[%emt 0:00:00]} g6 {[%emt 0:00:05]} 2. g3 {[%emt 0:00:24]} Bg7 {[%emt 0:00:09]} 3. Bg2 {[%emt 0:00:48]} e5 {[%emt 0:01:24]} 4. d3 {[%emt 0:00:44]} d6 {[%emt 0:00:33]} 5. O-O {[%emt 0:02:21]} Nc6 {[%emt 0:01:11]} 6. c3 {[%emt 0:04:40]} f5 {[%emt 0:02:38]} 7. b4 {[%emt 0:05:48]} Nf6 {[%emt 0:00:53]} 8. b5 {[%emt 0:11:07]} Ne7 {[%emt 0:02:18]} 9. Qb3 {[%emt 0:02:03]} h6 {[%emt 0:01:04]} 10. a4 {[%emt 0:07:40]} Rb8 {[%emt 0:02:30]} 11. a5 {[%emt 0:07:56]} Nd7 $14 {[%emt 0:01:30]} 12. Ba3 {[%emt 0:08:17]} Nf8 {[%emt 0:07:34]} 13. b6 {[%emt 0:07:46]} axb6 {[%emt 0:01:44]} 14. axb6 {[%emt 0:00:11]} c5 {[%emt 0:00:52]} 15. Nbd2 {[%emt 0:00:40]} Be6 {[%emt 0:00:31]} 16. Nc4 {[%emt 0:00:44]} g5 {[%emt 0:08:53]} 17. Qb5+ {[%emt 0:01:45]} Kf7 {[%emt 0:00:17]} 18. Nfd2 {[%emt 0:04:25]} Kg6 {[%emt 0:03:26]} 19. Bb2 {[%emt 0:05:43]} d5 {[%emt 0:07:23]} 20. Na5 {[%emt 0:02:14]} Nd7 {[%emt 0:03:49]} 21. Ndb3 {[%emt 0:04:04]} h5 {[%emt 0:16:28]} 22. Nxc5 {[%emt 0:00:55]} Nxc5 {[%emt 0:00:28]} 23. Qxc5 {[%emt 0:00:01]} h4 {[%emt 0:00:57]} 24. Qc7 {[%emt 0:13:05]} hxg3 {[%emt 0:01:53]} 25. hxg3 {[%emt 0:00:37]} f4 {[%emt 0:07:44]} 26. Qxd8 {[%emt 0:00:46]} Rhxd8 {[%emt 0:00:27]} 27. c4 {[%emt 0:00:46]} dxc4 {[%emt 0:07:44]} 28. Nxc4 {[%emt 0:00:03]} Bxc4 {[%emt 0:04:59]} 29. dxc4 {[%emt 0:00:01]} Rd2 {[%emt 0:00:22]} 30. Bc3 {[%emt 0:01:51]} Rxe2 {[%emt 0:02:12]} 31. Bf3 {[%emt 0:01:00]} e4 {[%emt 0:00:01]} 32. Bxe2 {[%emt 0:00:13]} Bxc3 {[%emt 0:00:05]} 33. Ra3 {[%emt 0:02:48]} Bd4 {[%emt 0:00:09]} 34. Bd1 {[%emt 0:03:30]} Nf5 {[%emt 0:04:22]} 35. g4 {[%emt 0:01:23]} Nd6 {[%emt 0:00:25]} 36. Bc2 {[%emt 0:00:25]} Bxb6 {[%emt 0:02:07]} 37. Rd1 {[%emt 0:00:08]} Rd8 {[%emt 0:03:26]} 38. Rb3 {[%emt 0:00:22]} Bc5 {[%emt 0:00:54]} 39. Rd5 {[%emt 0:01:40]} Rc8 {[%emt 0:00:37]} 40. Rb1 {[%emt 0:00:30]} Kf6 {[%emt 0:00:27]} 41. Rbd1 {[%emt 0:01:45]} Nxc4 {[%emt 0:02:33]} 42. Bxe4 {[%emt 0:04:46]} Ne5 {[%emt 0:00:27]} 43. Kg2 {[%emt 0:14:15]} b6 {[%emt 0:02:20]} 44. Rh1 {[%emt 0:01:55]} Re8 {[%emt 0:01:58]} 45. Rh6+ {[%emt 0:03:57]} Kg7 {[%emt 0:00:08]} 46. Rh7+ {[%emt 0:00:22]} Kf6 {[%emt 0:00:43]} 47. Bf5 {[%emt 0:00:20]} Nf7 {[%emt 0:01:33]} 48. Rd7 {[%emt 0:02:36]} Re7 {[%emt 0:04:42]} 49. Rxe7 {[%emt 0:00:50]} Bxe7 {[%emt 0:00:05]} 50. Bc2 {[%emt 0:01:53]} Bf8 {[%emt 0:01:27]} 51. Bb3 {[%emt 0:01:03]} Ne5 {[%emt 0:05:57]} 52. Rb7 {[%emt 0:00:09]} Bc5 {[%emt 0:01:03]} 53. f3 {[%emt 0:00:22]} Be3 {[%emt 0:02:28]} 54. Bd5 {[%emt 0:00:24]} Bc5 {[%emt 0:00:33]} 55. Kf1 {[%emt 0:00:50]} Be3 {[%emt 0:03:49]} 56. Ke2 {[%emt 0:00:21]} Bc5 {[%emt 0:00:05]} 57. Kd2 {[%emt 0:00:39]} Bd4 {[%emt 0:00:18]} 58. Kc2 {[%emt 0:00:31]} Bc5 {[%emt 0:01:30]} 59. Kb3 {[%emt 0:00:01]} Be3 {[%emt 0:00:07]} 60. Ka4 {[%emt 0:00:39]} Bc5 {[%emt 0:00:09]} 61. Kb5 {[%emt 0:00:10]} Be3 {[%emt 0:00:23]} 62. Rh7 {[%emt 0:00:44]} Bd4 {[%emt 0:01:53]} 63. Ka6 {[%emt 0:00:36]} Kg6 {[%emt 0:04:04]} 64. Re7 {[%emt 0:00:22]} Kf6 {[%emt 0:00:05]} 65. Re6+ {[%emt 0:00:21]} Kg7 {[%emt 0:00:16]} 66. Kb7 {[%emt 0:00:44]} b5 {[%emt 0:01:26]} 67. Kc7 {[%emt 0:00:02]} b4 {[%emt 0:00:21]} 68. Kd6 {[%emt 0:00:11]} Nf7+ {[%emt 0:00:24]} 69. Ke7 {[%emt 0:00:25]} Bc5+ {[%emt 0:00:54]} 70. Kd7 {[%emt 0:00:13]} Bf8 {[%emt 0:01:36]} 71. Be4 {[%emt 0:01:31]} Kg8 {[%emt 0:03:13]} 72. Rg6+ {[%emt 0:00:56]} Bg7 {[%emt 0:00:01]} 73. Bd5 {[%emt 0:02:03]} Kf8 {[%emt 0:00:02]} 74. Bxf7 {[%emt 0:00:11]} Kxf7 {[%emt 0:00:07]} 75. Rxg5 {[%emt 0:00:04]} b3 {[%emt 0:00:43]} 76. Rf5+ {[%emt 0:00:41]} Kg6 {[%emt 0:00:14]} 77. Rb5 {[%emt 0:00:43]} b2 {[%emt 0:00:14]} 78. Ke6 {[%emt 0:00:01]} Bh8 {[%emt 0:01:52]} 79. Kd5 {[%emt 0:00:05]} Kg5 {[%emt 0:00:42]} 80. Ke4+ {[%emt 0:00:08]} Kh4 {[%emt 0:00:35]} 81. Kxf4 {[%emt 0:00:06]} 1-0

[Event "CZE-ch Women 2019"]
[Site "Prague"]
[Date "2019.06.21"]
[Round "7.3"]
[White "Pychova, Nela"]
[Black "Kulovana, Eva"]
[Result "1/2-1/2"]
[WhiteElo "2174"]
[BlackElo "2208"]
[Annotator "NA"]
[PlyCount "117"]
[EventDate "2019.06.15"]
[EventType "tourn"]
[EventCountry "CZE"]
[SourceTitle "playchess.com"]
[Source "ChessBase"]
[SourceQuality "1"]
[TimeControl "40/5400+30:1800+30"]

1. Nf3 {[%emt 0:00:00]} d5 {[%emt 0:00:00]} 2. g3 {[%emt 0:00:00]} Nf6 {[%emt 0:00:00]} 3. Bg2 {[%emt 0:00:00]} Bf5 {[%emt 0:00:27]} 4. O-O {[%emt 0:02:28]} e6 {[%emt 0:00:42]} 5. c4 {[%emt 0:04:27]} Nc6 {[%emt 0:06:42]} 6. cxd5 {[%emt 0:11:41]} exd5 {[%emt 0:00:07]} 7. d3 {[%emt 0:00:11]} h6 {[%emt 0:00:56]} 8. a3 {[%emt 0:07:53]} Be7 {[%emt 0:05:26]} 9. b4 {[%emt 0:02:12]} a6 {[%emt 0:05:55]} 10. Bb2 {[%emt 0:02:06]} O-O {[%emt 0:00:13]} 11. Nbd2 $11 {[%emt 0:00:14]} Bh7 {[%emt 0:11:42]} 12. Re1 {[%emt 0:01:32]} a5 {[%emt 0:04:40]} 13. b5 {[%emt 0:02:44]} Na7 {[%emt 0:00:46]} 14. Qb3 {[%emt 0:07:36]} c6 {[%emt 0:05:03]} 15. bxc6 {[%emt 0:03:06]} bxc6 {[%emt 0:00:39]} 16. Rac1 {[%emt 0:04:05]} Rb8 {[%emt 0:07:25]} 17. Qa2 {[%emt 0:01:39]} Nd7 {[%emt 0:03:22]} 18. Bh3 {[%emt 0:07:01]} a4 {[%emt 0:05:13]} 19. Bd4 {[%emt 0:06:44]} Nb5 {[%emt 0:05:11]} 20. Nb1 {[%emt 0:10:46]} c5 {[%emt 0:08:59]} 21. Bxd7 {[%emt 0:07:51]} Nxd4 {[%emt 0:01:30]} 22. Qxd5 {[%emt 0:01:12]} Nxf3+ {[%emt 0:05:50]} 23. exf3 {[%emt 0:00:15]} Rb6 {[%emt 0:03:02]} 24. Bc6 {[%emt 0:03:10]} Bxd3 {[%emt 0:01:23]} 25. Qxd8 {[%emt 0:06:16]} Bxd8 {[%emt 0:00:48]} 26. Bxa4 {[%emt 0:00:33]} Rb2 {[%emt 0:01:02]} 27. Nc3 {[%emt 0:05:15]} c4 {[%emt 0:00:34]} 28. Nd5 {[%emt 0:01:12]} Ba5 {[%emt 0:01:34]} 29. Nb4 {[%emt 0:00:43]} Bxb4 {[%emt 0:09:42]} 30. axb4 {[%emt 0:00:01]} Rxb4 {[%emt 0:00:09]} 31. Bc2 {[%emt 0:00:39]} Rb2 {[%emt 0:01:15]} 32. Bxd3 {[%emt 0:00:43]} cxd3 {[%emt 0:00:05]} 33. Rcd1 {[%emt 0:01:02]} Rd8 {[%emt 0:00:22]} 34. Re3 {[%emt 0:00:32]} d2 {[%emt 0:01:14]} 35. Kf1 {[%emt 0:00:57]} g5 {[%emt 0:01:55]} 36. Ke2 {[%emt 0:00:27]} Kg7 {[%emt 0:01:22]} 37. Rd3 {[%emt 0:00:25]} Re8+ {[%emt 0:00:30]} 38. Kf1 {[%emt 0:00:44]} Re6 {[%emt 0:01:16]} 39. R3xd2 {[%emt 0:00:18]} Rb3 {[%emt 0:00:15]} 40. Kg2 {[%emt 0:00:24]} Rf6 {[%emt 0:00:24]} 41. Rd3 {[%emt 0:30:24]} Rb2 {[%emt 0:30:50]} 42. Rd6 {[%emt 0:00:00]} Rxd6 {[%emt 0:00:00]} 43. Rxd6 {[%emt 0:00:00]} Rb4 {[%emt 0:00:00]} 44. Rd8 {[%emt 0:00:00]} Ra4 {[%emt 0:00:00]} 45. Re8 {[%emt 0:00:00]} f5 {[%emt 0:00:00]} 46. Re6 {[%emt 0:00:00]} Rb4 {[%emt 0:00:00]} 47. h3 {[%emt 0:00:00]} Ra4 {[%emt 0:00:00]} 48. f4 {[%emt 0:00:00]} gxf4 {[%emt 0:00:00]} 49. g4 {[%emt 0:00:00]} fxg4 {[%emt 0:00:00]} 50. hxg4 {[%emt 0:00:00]} Ra5 {[%emt 0:00:00]} 51. Kf3 {[%emt 0:00:00]} h5 {[%emt 0:00:00]} 52. gxh5 {[%emt 0:00:00]} Rxh5 {[%emt 0:00:00]} 53. Kxf4 {[%emt 0:00:00]} Kf7 {[%emt 0:00:00]} 54. Ra6 {[%emt 0:00:00]} Rb5 {[%emt 0:00:00]} 55. Kg4 {[%emt 0:00:00]} Rc5 {[%emt 0:00:00]} 56. f4 {[%emt 0:00:00]} Rb5 {[%emt 0:00:00]} 57. f5 {[%emt 0:00:00]} Rb1 {[%emt 0:00:00]} 58. Kg5 {[%emt 0:00:00]} Rg1+ {[%emt 0:00:00]} 59. Kf4 {[%emt 0:00:00]} 1/2-1/2

[Event "CZE-ch Women 2019"]
[Site "Prague"]
[Date "2019.06.21"]
[Round "7.4"]
[White "Miturova, Magdalena"]
[Black "Laurincova, Kristyna"]
[Result "1-0"]
[WhiteElo "2220"]
[BlackElo "1984"]
[Annotator "NA"]
[PlyCount "95"]
[EventDate "2019.06.15"]
[EventType "tourn"]
[EventCountry "CZE"]
[SourceTitle "playchess.com"]
[Source "ChessBase"]
[SourceQuality "1"]
[TimeControl "40/5400+30:1800+30"]

1. Nf3 {[%emt 0:00:00]} Nf6 {[%emt 0:00:00]} 2. g3 {[%emt 0:00:00]} g6 {[%emt 0:00:03]} 3. b3 {[%emt 0:00:00]} Bg7 {[%emt 0:00:14]} 4. Bb2 {[%emt 0:00:03]} O-O {[%emt 0:00:46]} 5. Bg2 {[%emt 0:00:07]} c5 {[%emt 0:05:48]} 6. c4 {[%emt 0:01:46]} Nc6 {[%emt 0:00:47]} 7. O-O {[%emt 0:01:52]} d6 {[%emt 0:03:59]} 8. d4 {[%emt 0:01:15]} cxd4 {[%emt 0:04:21]} 9. Nxd4 {[%emt 0:00:14]} Bd7 {[%emt 0:00:15]} 10. e3 {[%emt 0:02:11]} Rb8 $14 {[%emt 0:01:10]} 11. Nc3 {[%emt 0:04:36]} Nxd4 {[%emt 0:07:02]} 12. Qxd4 {[%emt 0:06:04]} Qa5 {[%emt 0:05:27]} (12... Bc6 $11 {keeps the balance.}) 13. Rfd1 {[%emt 0:21:07]} Ng4 {[%emt 0:05:50]} 14. Qd2 {[%emt 0:01:44]} Qh5 {[%emt 0:00:19]} 15. h3 {[%emt 0:12:58]} Ne5 {[%emt 0:04:55]} 16. g4 {[%emt 0:00:09]} Qh4 {[%emt 0:04:33]} 17. f4 {[%emt 0:02:57]} Nc6 {[%emt 0:01:47]} 18. Qf2 {[%emt 0:01:14]} Qxf2+ {[%emt 0:01:56]} 19. Kxf2 {[%emt 0:00:31]} Rfd8 {[%emt 0:01:04]} 20. Rd2 {[%emt 0:02:18]} b5 {[%emt 0:09:01]} 21. Nxb5 {[%emt 0:08:19]} Bxb2 {[%emt 0:00:08]} 22. Rxb2 {[%emt 0:00:02]} Nb4 {[%emt 0:00:19]} 23. Bf1 {[%emt 0:01:23]} Bxb5 {[%emt 0:00:14]} 24. cxb5 {[%emt 0:00:10]} Rdc8 {[%emt 0:00:36]} 25. a3 {[%emt 0:02:17]} Nd5 {[%emt 0:01:03]} 26. Bc4 {[%emt 0:09:51]} Nc3 {[%emt 0:01:23]} 27. a4 {[%emt 0:00:50]} d5 {[%emt 0:26:10]} 28. Bd3 {[%emt 0:00:13]} Ne4+ {[%emt 0:00:36]} 29. Kf3 {[%emt 0:00:22]} Rc3 {[%emt 0:06:06]} 30. Bxe4 {[%emt 0:03:26]} dxe4+ {[%emt 0:00:01]} 31. Kxe4 {[%emt 0:00:08]} Rd8 {[%emt 0:00:03]} 32. Re1 {[%emt 0:03:01]} Rdd3 {[%emt 0:00:47]} 33. b4 {[%emt 0:03:50]} e6 {[%emt 0:00:13]} 34. Ree2 {[%emt 0:02:57]} f5+ {[%emt 0:00:07]} 35. gxf5 {[%emt 0:00:28]} exf5+ {[%emt 0:00:51]} 36. Kf3 {[%emt 0:00:13]} Kf7 {[%emt 0:02:10]} 37. Rbd2 {[%emt 0:00:56]} Ke6 {[%emt 0:00:07]} 38. Rxd3 {[%emt 0:00:31]} Rxd3 {[%emt 0:00:01]} 39. Rc2 {[%emt 0:00:11]} Kd7 {[%emt 0:05:34]} 40. Rc6 {[%emt 0:00:31]} Rb3 {[%emt 0:01:36]} 41. Ra6 {[%emt 0:31:30]} Rxb4 {[%emt 0:30:03]} 42. Rxa7+ {[%emt 0:00:08]} Kc8 {[%emt 0:00:07]} 43. h4 {[%emt 0:05:52]} Kb8 {[%emt 0:00:20]} 44. Rxh7 {[%emt 0:00:56]} Rxa4 {[%emt 0:00:02]} 45. Rg7 {[%emt 0:00:14]} Rb4 {[%emt 0:00:29]} 46. Rxg6 {[%emt 0:00:07]} Rxb5 {[%emt 0:00:07]} 47. h5 {[%emt 0:00:12]} Kc7 {[%emt 0:01:30]} 48. Rf6 {[%emt 0:00:53]} 1-0